[Event "SVK-chT1E 2223"]
[Site "Slovakia"]
[Date "2023.02.04"]
[Round "8.1"]
[White "Zambor, Norbert"]
[Black "Kralovic, Andrej"]
[Result "0-1"]
[WhiteElo "2272"]
[BlackElo "2244"]
[PlyCount "82"]
[EventDate "2022.10.15"]
[EventType "team-tourn"]
[EventRounds "11"]
[EventCountry "SVK"]
[SourceTitle "EXT 2024"]
[Source "ChessBase"]
[SourceDate "2023.10.10"]
[SourceVersion "1"]
[SourceVersionDate "2023.10.10"]
[SourceQuality "1"]
[WhiteTeam "Kosice Slavia UPJS"]
[BlackTeam "Zvolen Slavia"]
[WhiteTeamCountry "SVK"]
[BlackTeamCountry "SVK"]

1. e4 e5 2. Nf3 Nc6 3. Bb5 Nf6 4. Qe2 Bd6 5. c3 0-0 6. d3 Re8 7. h3 Bf8 8. Nbd2 a6 9. Ba4 b5 10. Bc2 Bb7 11. Nf1 d6 12. Bg5 h6 13. Bd2 d5 14. Ng3 Na5 15. 0-0 c5 16. Rad1 Qc7 17. Nh2 dxe4 18. dxe4 c4 19. Nf5 Re6 20. Rfe1 Bc6 21. Nf1 Nb7 22. Bc1 Nc5 23. f3 Nh5 24. g3 Ree8 25. Kh2 Rad8 26. N5e3 Nf6 27. Nf5 Kh7 28. g4 Ne6 29. Rxd8 Rxd8 30. Rd1 g6 31. Rxd8 Qxd8 32. N5e3 Nf4 33. Qd2 Qc7 34. Ng3 h5 35. g5 Qc8 36. Ngf5 Ne8 37. Nd5 Bxd5 38. exd5 gxf5 39. Qe1 Ng6 40. f4 exf4 41. Qe2 Ng7 0-1

[Event "SVK-chT1E 2223"]
[Site "Slovakia"]
[Date "2022.12.04"]
[Round "6.1"]
[White "Bednar, Milan"]
[Black "Kralovic, Andrej"]
[Result "1-0"]
[WhiteElo "2207"]
[BlackElo "2244"]
[PlyCount "113"]
[EventDate "2022.10.15"]
[EventType "team-tourn"]
[EventRounds "11"]
[EventCountry "SVK"]
[SourceTitle "EXT 2024"]
[Source "ChessBase"]
[SourceDate "2023.10.10"]
[SourceVersion "1"]
[SourceVersionDate "2023.10.10"]
[SourceQuality "1"]
[WhiteTeam "Kezmarok KdV"]
[BlackTeam "Zvolen Slavia"]
[WhiteTeamCountry "SVK"]
[BlackTeamCountry "SVK"]

1. d4 Nf6 2. Nf3 e6 3. g3 d5 4. Bg2 Be7 5. 0-0 0-0 6. c4 dxc4 7. Ne5 Nc6 8. Bxc6 bxc6 9. Nxc6 Qe8 10. Nxe7+ Qxe7 11. Qa4 e5 12. dxe5 Qxe5 13. Qxc4 Be6 14. Qc2 Rfe8 15. Nc3 Qh5 16. f3 Rab8 17. e4 Bc4 18. Rf2 Rbd8 19. Be3 Bd3 20. Qa4 c5 21. Qa5 Nd7 22. Kg2 f5 23. exf5 Qxf5 24. Rd1 Rc8 25. g4 Qg6 26. Nd5 Be4 27. h3 Bxd5 28. Rxd5 Nb6 29. Rg5 Qf6 30. Rf5 Nc4 31. Rxf6 Nxa5 32. Ra6 Nc4 33. Bf4 Rf8 34. Kg3 Rf7 35. b3 Nb6 36. Ra5 Nd5 37. Bd6 Nb4 38. Rxc5 Rd8 39. Rd2 Rfd7 40. Rc4 Na6 41. Rcd4 Rb7 42. Ba3 Rxd4 43. Rxd4 Nb8 44. Rd8+ Kf7 45. f4 g6 46. h4 Nc6 47. Rd6 Ne7 48. Ra6 Nc8 49. Bc5 Ke8 50. g5 Rf7 51. Kg4 Kd8 52. Rf6 Rg7 53. h5 gxh5+ 54. Kxh5 a5 55. Kh6 Rd7 56. Rf8+ Kc7 57. Rh8 1-0

[Event "SVK-chT1E 2223"]
[Site "Slovakia"]
[Date "2022.11.05"]
[Round "3.1"]
[White "Kralovic, Andrej"]
[Black "Krak, Tomas"]
[Result "1/2-1/2"]
[WhiteElo "2244"]
[BlackElo "2302"]
[PlyCount "31"]
[EventDate "2022.10.15"]
[EventType "team-tourn"]
[EventRounds "11"]
[EventCountry "SVK"]
[SourceTitle "EXT 2024"]
[Source "ChessBase"]
[SourceDate "2023.10.10"]
[SourceVersion "1"]
[SourceVersionDate "2023.10.10"]
[SourceQuality "1"]
[WhiteTeam "Zvolen Slavia"]
[BlackTeam "Humenne Reinter II"]
[WhiteTeamCountry "SVK"]
[BlackTeamCountry "SVK"]

1. e4 c5 2. Nf3 d6 3. Bc4 Nf6 4. Qe2 Nc6 5. c3 e6 6. Bb3 Be7 7. 0-0 0-0 8. h3 b6 9. Re1 Bb7 10. d3 Rc8 11. Nbd2 Qc7 12. Nf1 Ne5 13. Bc2 Rfd8 14. Bf4 Ba6 15. Bh2 Nfd7 16. N3d2 1/2-1/2

[Event "SVK-chT1E 2223"]
[Site "Slovakia"]
[Date "2022.10.16"]
[Round "2.1"]
[White "Svana, Peter"]
[Black "Kralovic, Andrej"]
[Result "0-1"]
[WhiteElo "2261"]
[BlackElo "2244"]
[PlyCount "126"]
[EventDate "2022.10.15"]
[EventType "team-tourn"]
[EventRounds "11"]
[EventCountry "SVK"]
[SourceTitle "EXT 2024"]
[Source "ChessBase"]
[SourceDate "2023.10.10"]
[SourceVersion "1"]
[SourceVersionDate "2023.10.10"]
[SourceQuality "1"]
[WhiteTeam "Zilina Mladost II"]
[BlackTeam "Zvolen Slavia"]
[WhiteTeamCountry "SVK"]
[BlackTeamCountry "SVK"]

1. Nf3 Nf6 2. c4 b6 3. g3 c5 4. Bg2 Bb7 5. 0-0 e6 6. Nc3 Be7 7. a3 0-0 8. d4 cxd4 9. Qxd4 d6 10. Rd1 a6 11. Be3 Nbd7 12. b4 Qc7 13. Rac1 Rab8 14. Nb1 Rbc8 15. Qb2 Qb8 16. Bd4 Rfd8 17. Nbd2 Bf8 18. Qb1 h6 19. e4 Qa8 20. Re1 b5 21. cxb5 axb5 22. Rxc8 Rxc8 23. Bb2 d5 24. e5 Ne4 25. Nxe4 dxe4 26. Nd2 e3 27. Bxb7 exf2+ 28. Kxf2 Qa7+ 29. Re3 Qxb7 30. Qe4 Qb8 31. Bd4 Nb6 32. Bxb6 Qxb6 33. Kg2 g6 34. Rd3 Qc7 35. Kh3 h5 36. Qf4 Bg7 37. Rd6 Qc3 38. Rd7 Rf8 39. Nf3 Qa1 40. Rb7 Qf1+ 41. Kh4 Bh6 42. Qf6 Qc4+ 43. Kh3 Qf1+ 44. Kh4 Bg7 45. Qf4 Qe2 46. Kh3 Bh6 47. Ng1 Qd1 48. Qf2 Qd5 49. Qf3 Qxe5 50. Ne2 Be3 51. Nf4 Qf5+ 52. Kg2 Bxf4 53. Qxf4 Qxf4 54. gxf4 Ra8 55. Rxb5 Rxa3 56. Rb7 Rb3 57. b5 Kg7 58. b6 Kf6 59. h4 e5 60. fxe5+ Ke6 61. Kf2 Rb4 62. Rb8 Kxe5 63. b7 Kf5 0-1

[Event "SVK-chT2C 2122"]
[Site "Slovakia"]
[Date "2022.04.30"]
[Round "10.1"]
[White "Kralovic, Andrej"]
[Black "Zvarik, Martin"]
[Result "1-0"]
[WhiteElo "2225"]
[BlackElo "2236"]
[PlyCount "65"]
[EventDate "2021.10.16"]
[EventType "team-tourn"]
[EventRounds "11"]
[EventCountry "SVK"]
[SourceTitle "EXT 2023"]
[Source "ChessBase"]
[SourceDate "2022.10.05"]
[SourceVersion "1"]
[SourceVersionDate "2022.10.05"]
[SourceQuality "1"]
[WhiteTeam "Filakovo"]
[BlackTeam "Zilina Mladost II"]
[WhiteTeamCountry "SVK"]
[BlackTeamCountry "SVK"]

1. e4 e5 2. Nf3 Nc6 3. Bb5 a6 4. Ba4 d6 5. c3 Nf6 6. d3 Be7 7. 0-0 0-0 8. Re1 b5 9. Bc2 Bg4 10. Nbd2 d5 11. h3 Bh5 12. Qe2 Re8 13. Nf1 Bg6 14. a4 d4 15. Ng3 Nd7 16. h4 h5 17. cxd4 Bxh4 18. axb5 Nxd4 19. Nxd4 exd4 20. bxa6 Ne5 21. Nf1 Re6 22. g3 Be7 23. f4 Ng4 24. Nh2 Bb4 25. Rf1 Rexa6 26. Rxa6 Rxa6 27. f5 Bh7 28. Nxg4 hxg4 29. Qxg4 Be7 30. Bb3 Bf6 31. Bc4 Ra1 32. Qh5 Qe7 33. Kg2 1-0

[Event "SVK-chT1E 2122"]
[Site "Slovakia"]
[Date "2022.04.23"]
[Round "8.1"]
[White "Kralovic, Andrej"]
[Black "Druska, Juraj"]
[Result "0-1"]
[WhiteElo "2223"]
[BlackElo "2506"]
[PlyCount "90"]
[EventDate "2022.01.29"]
[EventType "team-tourn"]
[EventRounds "11"]
[EventCountry "SVK"]
[SourceTitle "EXT 2023"]
[Source "ChessBase"]
[SourceDate "2022.10.05"]
[SourceVersion "1"]
[SourceVersionDate "2022.10.05"]
[SourceQuality "1"]
[WhiteTeam "Zvolen Slavia"]
[BlackTeam "Liptov Chess School II"]
[WhiteTeamCountry "SVK"]
[BlackTeamCountry "SVK"]

1. e4 c5 2. Nf3 e6 3. d4 cxd4 4. Nxd4 Nc6 5. Nc3 Qc7 6. Be3 a6 7. Qd2 Nf6 8. 0-0-0 Bb4 9. f3 0-0 10. a3 Be7 11. g4 d6 12. h4 Ne5 13. Kb1 b5 14. h5 Nfd7 15. f4 Nxg4 16. Rg1 Nxe3 17. Qxe3 Kh8 18. Bh3 Nc5 19. e5 dxe5 20. fxe5 Bb7 21. Qg3 Rg8 22. Qf4 Raf8 23. h6 g5 24. Qe3 Rg6 25. Bg2 Rxh6 26. Rh1 Rxh1 27. Bxh1 Rg8 28. Bxb7 Qxb7 29. Rf1 Rg7 30. Nde2 Nd7 31. Ng3 Qc7 32. Nh5 Nxe5 33. Nxg7 Kxg7 34. Ne4 Nc4 35. Qf2 f5 36. Nd2 Qc5 37. Qh2 Qe5 38. Qxe5+ Nxe5 39. Kc1 h5 40. Kd1 h4 41. Ke2 g4 42. c4 bxc4 43. Rc1 Bg5 44. Rc2 h3 45. Kf2 Nd3+ 0-1

[Event "SVK-chT1E 2122"]
[Site "Slovakia"]
[Date "2022.03.19"]
[Round "6.1"]
[White "Haring, Filip"]
[Black "Kralovic, Andrej"]
[Result "1-0"]
[WhiteElo "2429"]
[BlackElo "2223"]
[PlyCount "61"]
[EventDate "2022.01.29"]
[EventType "team-tourn"]
[EventRounds "11"]
[EventCountry "SVK"]
[SourceTitle "EXT 2023"]
[Source "ChessBase"]
[SourceDate "2022.10.05"]
[SourceVersion "1"]
[SourceVersionDate "2022.10.05"]
[SourceQuality "1"]
[WhiteTeam "Banska Bystrica Junior"]
[BlackTeam "Zvolen Slavia"]
[WhiteTeamCountry "SVK"]
[BlackTeamCountry "SVK"]

1. e4 e5 2. Nf3 Nc6 3. Bc4 Bc5 4. c3 Nf6 5. d3 a6 6. 0-0 Ba7 7. Nbd2 d6 8. Bb3 0-0 9. Re1 Ng4 10. Re2 Kh8 11. h3 Nh6 12. d4 exd4 13. cxd4 f5 14. e5 Nxd4 15. Nxd4 Bxd4 16. e6 Ng8 17. Nf3 Bf6 18. h4 Bxh4 19. Nxh4 Qxh4 20. Bd2 Ne7 21. Rc1 c6 22. Rc3 f4 23. Rh3 Qg4 24. f3 Qg5 25. g4 h6 26. Rh5 Qg6 27. Bc2 Qe8 28. Rxh6+ Kg8 29. Bh7+ Kh8 30. Bc3 Ng8 31. Rh3 1-0

[Event "SVK-chT1E 2122"]
[Site "Slovakia"]
[Date "2022.01.30"]
[Round "2.1"]
[White "Kralovic, Andrej"]
[Black "Fus, Jakub"]
[Result "0-1"]
[WhiteElo "2223"]
[BlackElo "2377"]
[PlyCount "108"]
[EventDate "2022.01.29"]
[EventType "team-tourn"]
[EventRounds "11"]
[EventCountry "SVK"]
[SourceTitle "EXT 2023"]
[Source "ChessBase"]
[SourceDate "2022.10.05"]
[SourceVersion "1"]
[SourceVersionDate "2022.10.05"]
[SourceQuality "1"]
[WhiteTeam "Zvolen Slavia"]
[BlackTeam "Cadca"]
[WhiteTeamCountry "SVK"]
[BlackTeamCountry "SVK"]

1. Nf3 d5 2. g3 Bg4 3. Bg2 Nd7 4. c4 e6 5. cxd5 exd5 6. Qb3 Nc5 7. Qc2 Bxf3 8. Bxf3 Nf6 9. d3 c6 10. 0-0 Be7 11. Nd2 0-0 12. Nb3 Nxb3 13. Qxb3 Qb6 14. Qc2 Rfe8 15. Be3 Qc7 16. Rab1 a5 17. Rfc1 Qd7 18. Qa4 Rec8 19. Bc5 Bxc5 20. Rxc5 Qd8 21. Rbc1 Qb6 22. Qc2 Rd8 23. Rc3 Ne8 24. Qd2 Nd6 25. Rb3 Qd4 26. e3 Qf6 27. Bg2 a4 28. Rb4 a3 29. b3 g6 30. h4 Nb5 31. Ra4 d4 32. Rxa8 Rxa8 33. e4 Nc3 34. Kh2 Re8 35. f4 Qe7 36. Rf1 Kg7 37. Qf2 c5 38. g4 h6 39. g5 hxg5 40. hxg5 Rh8+ 41. Bh3 Qe6 42. Qg3 Ne2 43. Qg2 Rh4 44. Rf3 Nxf4 45. Rxf4 Qe5 46. Qg3 Rxf4 47. Kg2 f6 48. gxf6+ Kxf6 49. Bg4 Qg5 50. Kh3 Ke5 51. Qg2 Qh6+ 52. Kg3 g5 53. Qh3 Qxh3+ 54. Bxh3 b5 0-1

[Event "SVK-chT2C 1920"]
[Site "Slovakia"]
[Date "2020.03.07"]
[Round "10.1"]
[White "Kralovic, Andrej"]
[Black "Sarkozy, Ladislav"]
[Result "1/2-1/2"]
[WhiteElo "2234"]
[BlackElo "2226"]
[PlyCount "29"]
[EventDate "2019.10.26"]
[EventType "team-tourn"]
[EventRounds "11"]
[EventCountry "SVK"]
[SourceTitle "CBM 195 Extra"]
[Source "ChessBase"]
[SourceDate "2020.05.31"]
[SourceVersion "1"]
[SourceVersionDate "2020.05.31"]
[SourceQuality "1"]
[WhiteTeam "Zvolen Slavia"]
[BlackTeam "Ondrasova Krivan"]
[WhiteTeamCountry "SVK"]
[BlackTeamCountry "SVK"]

1. Nf3 c5 2. c4 Nf6 3. Nc3 d5 4. cxd5 Nxd5 5. e4 Nb4 6. Bc4 Nd3+ 7. Ke2 Nf4+ 8. Kf1 Nd3 9. Ke2 Nf4+ 10. Kf1 Nd3 11. Qe2 Nxc1 12. Rxc1 Nc6 13. e5 e6 14. h4 a6 15. Rh3 1/2-1/2

[Event "SVK-chT2C 1920"]
[Site "Slovakia"]
[Date "2020.02.16"]
[Round "9.1"]
[White "Kralovic, Andrej"]
[Black "Turcan, Richard"]
[Result "1/2-1/2"]
[WhiteElo "2234"]
[BlackElo "2131"]
[PlyCount "100"]
[EventDate "2019.10.26"]
[EventType "team-tourn"]
[EventRounds "11"]
[EventCountry "SVK"]
[SourceTitle "CBM 195 Extra"]
[Source "ChessBase"]
[SourceDate "2020.05.31"]
[SourceVersion "1"]
[SourceVersionDate "2020.05.31"]
[SourceQuality "1"]
[WhiteTeam "Zvolen Slavia"]
[BlackTeam "Banska Bystrica Veza"]
[WhiteTeamCountry "SVK"]
[BlackTeamCountry "SVK"]

1. Nf3 c5 2. c4 Nc6 3. Nc3 g6 4. e3 Nf6 5. d4 cxd4 6. exd4 d5 7. cxd5 Nxd5 8. Qb3 Nxc3 9. Bc4 Nd5 10. Bxd5 e6 11. Bxc6+ bxc6 12. 0-0 Qd5 13. Qc3 f6 14. Bf4 Be7 15. Rfc1 Bd7 16. Qc4 Qf5 17. Bg3 g5 18. h3 Rg8 19. Rc3 h5 20. h4 gxh4 21. Nxh4 Qg4 22. Rf3 Rc8 23. b4 Qe4 24. Re3 Qd5 25. Qd3 Kf7 26. a3 Rg4 27. Rae1 Rcg8 28. Re4 Kf8 29. Rxg4 Rxg4 30. Ng6+ Kf7 31. Nf4 Qf5 32. Qxf5 exf5 33. Nxh5 Rxd4 34. Re3 c5 35. bxc5 Bxc5 36. Rc3 Bb6 37. Nf4 Bb5 38. Kh2 Rd2 39. Nh3 Ke7 40. Bc7 Bd4 41. Rf3 Bd3 42. Bf4 Rd1 43. Rg3 Bc4 44. Be3 Be5 45. f4 Bb8 46. Rg7+ Bf7 47. Bc5+ Ke6 48. Rg3 Kd7 49. Rg7 Ke6 50. Rg3 Kd7 1/2-1/2

[Event "SVK-chT2C 1920"]
[Site "Slovakia"]
[Date "2019.11.16"]
[Round "3.1"]
[White "Kralovic, Andrej"]
[Black "Pniaczek, Marek"]
[Result "1-0"]
[WhiteElo "2234"]
[BlackElo "2110"]
[PlyCount "87"]
[EventDate "2019.10.26"]
[EventType "team-tourn"]
[EventRounds "11"]
[EventCountry "SVK"]
[SourceTitle "CBM 193 Extra"]
[Source "ChessBase"]
[SourceDate "2020.01.31"]
[SourceVersion "1"]
[SourceVersionDate "2020.01.31"]
[SourceQuality "1"]
[WhiteTeam "Zvolen Slavia"]
[BlackTeam "Bziny"]
[WhiteTeamCountry "SVK"]
[BlackTeamCountry "SVK"]

1. e4 c5 2. b3 g6 3. Bb2 Nf6 4. g3 Bg7 5. Bg2 d6 6. Ne2 Nc6 7. Nbc3 0-0 8. 0-0 e5 9. d3 Be6 10. h3 Qd7 11. Kh2 Nh5 12. f4 exf4 13. gxf4 f5 14. Na4 Rae8 15. Qd2 b5 16. Bxg7 Kxg7 17. Nac3 b4 18. Nd5 Nf6 19. c4 bxc3 20. Ndxc3 Kg8 21. Rad1 Rc8 22. exf5 Bxf5 23. d4 cxd4 24. Nxd4 Nxd4 25. Qxd4 Qg7 26. Nb5 Rc2 27. Rd2 Rfc8 28. Rfd1 Rxd2 29. Rxd2 d5 30. Nd6 Rf8 31. Nxf5 gxf5 32. Bxd5+ Kh8 33. Qe5 Re8 34. Qxf5 Qh6 35. Bf3 Rf8 36. Rg2 Qh4 37. Qe5 h6 38. Qc7 Ne8 39. Qe5+ Nf6 40. Qd6 Re8 41. Qc7 Re7 42. Qd8+ Re8 43. Qd4 a5 44. Rg4 1-0

[Event "Bratislava-ch Centenary"]
[Site "Bratislava"]
[Date "2019.05.17"]
[Round "9"]
[White "Kralovic, Andrej"]
[Black "Schwarz, Dusan"]
[Result "0-1"]
[WhiteElo "2253"]
[BlackElo "2326"]
[PlyCount "64"]
[EventDate "2019.05.10"]
[EventType "tourn"]
[EventRounds "9"]
[EventCountry "SVK"]
[SourceTitle "CBM 190 Extra"]
[Source "ChessBase"]
[SourceDate "2019.07.15"]
[SourceVersion "1"]
[SourceVersionDate "2019.07.15"]
[SourceQuality "1"]

1. e4 c5 2. b3 g6 3. Bb2 Nf6 4. e5 Nd5 5. g3 Bg7 6. Bg2 Nc7 7. f4 d6 8. Nf3 Nc6 9. Qe2 0-0 10. 0-0 Bg4 11. h3 Bxf3 12. Bxf3 Ne6 13. Qg2 Ned4 14. Bxd4 Nxd4 15. Be4 dxe5 16. Nc3 exf4 17. gxf4 Rb8 18. f5 b6 19. Kh1 e6 20. fxg6 hxg6 21. Rae1 Qh4 22. Ne2 Nf5 23. Rg1 Rbd8 24. Bd3 Qh6 25. Bxf5 exf5 26. d3 Rde8 27. Ng3 Kh7 28. Rgf1 Re3 29. Rxe3 Qxe3 30. Rf3 Qg5 31. Qe2 Bd4 32. Qf1 Re8 0-1

[Event "Bratislava-ch Centenary"]
[Site "Bratislava"]
[Date "2019.05.16"]
[Round "8"]
[White "Kostolansky, Sebastian Lukas"]
[Black "Kralovic, Andrej"]
[Result "1-0"]
[WhiteElo "2323"]
[BlackElo "2253"]
[PlyCount "157"]
[EventDate "2019.05.10"]
[EventType "tourn"]
[EventRounds "9"]
[EventCountry "SVK"]
[SourceTitle "CBM 190 Extra"]
[Source "ChessBase"]
[SourceDate "2019.07.15"]
[SourceVersion "1"]
[SourceVersionDate "2019.07.15"]
[SourceQuality "1"]

1. e4 c6 2. d4 d5 3. e5 Bf5 4. Be3 Qb6 5. Nd2 Qxb2 6. Rb1 Qxa2 7. Rxb7 e6 8. Qc1 Nd7 9. Rb2 Qa5 10. Qb1 Ne7 11. Ngf3 Nc8 12. Nh4 Bg4 13. h3 Bh5 14. g4 Bg6 15. Nxg6 hxg6 16. Bd3 Be7 17. Kf1 Qd8 18. f4 Ncb6 19. Kg2 Rb8 20. c3 0-0 21. h4 Qc7 22. h5 g5 23. fxg5 Nc4 24. Nxc4 dxc4 25. Be4 Ba3 26. Rxb8 Rxb8 27. Qf1 Rb2+ 28. Kg3 Nxe5 29. dxe5 Qxe5+ 30. Qf4 Qxc3 31. Kh4 Be7 32. Bd4 Qd2 33. Qe5 Bxg5+ 34. Qxg5 Qxd4 35. Qf4 c5 36. h6 gxh6 37. Rf1 Qg7 38. Rd1 Qg5+ 39. Qxg5+ hxg5+ 40. Kxg5 Kg7 41. Kf4 f5 42. gxf5 exf5 43. Kxf5 Rf2+ 44. Ke5 a5 45. Ra1 Rf8 46. Rxa5 Re8+ 47. Kd5 Rd8+ 48. Kxc5 c3 49. Ra2 Rd2 50. Bc2 Rd8 51. Kb4 Rc8 52. Bd3 c2 53. Bxc2 Kf6 54. Bd3 Ke5 55. Bc4 Rb8+ 56. Kc3 Rh8 57. Re2+ Kd6 58. Re4 Rh1 59. Kd4 Rd1+ 60. Bd3 Kd7 61. Rg4 Ke6 62. Rg6+ Kf7 63. Ra6 Ke7 64. Ke4 Re1+ 65. Kf5 Kd7 66. Be4 Kc7 67. Ke5 Rd1 68. Rc6+ Kd7 69. Rb6 Re1 70. Rb7+ Kc8 71. Rg7 Kb8 72. Re7 Rd1 73. Rg7 Re1 74. Kd5 Rc1 75. Kd6 Rd1+ 76. Bd5 Rc1 77. Rb7+ Kc8 78. Rb2 Rg1 79. Be6+ 1-0

[Event "Bratislava-ch Centenary"]
[Site "Bratislava"]
[Date "2019.05.12"]
[Round "4"]
[White "Bochnicka, Vladimir1111"]
[Black "Kralovic, Andrej"]
[Result "1/2-1/2"]
[WhiteElo "2108"]
[BlackElo "2253"]
[PlyCount "89"]
[EventDate "2019.05.10"]
[EventType "tourn"]
[EventRounds "9"]
[EventCountry "SVK"]
[SourceTitle "CBM 190 Extra"]
[Source "ChessBase"]
[SourceDate "2019.07.15"]
[SourceVersion "1"]
[SourceVersionDate "2019.07.15"]
[SourceQuality "1"]

1. e4 e5 2. Nf3 Nc6 3. Bc4 Bc5 4. c3 Nf6 5. d3 d6 6. 0-0 a6 7. Nbd2 Ba7 8. Bb3 0-0 9. h3 Nh5 10. Nxe5 Nxe5 11. Qxh5 Nxd3 12. Nf3 Qf6 13. Bg5 Qg6 14. Qxg6 hxg6 15. Rad1 Nc5 16. Bc2 Be6 17. Nd4 Bc4 18. Rfe1 f6 19. Be3 Rfe8 20. f3 Re7 21. Nb3 Nxb3 22. Bxb3 Bxb3 23. axb3 Bxe3+ 24. Rxe3 Kf7 25. Kf2 Rae8 26. Rde1 Re5 27. Ke2 Rg5 28. Rg1 Rh8 29. f4 Rb5 30. c4 Ra5 31. Kd3 g5 32. b4 gxf4 33. bxa5 fxe3 34. Kxe3 Ke6 35. Rd1 Rb8 36. Rd3 b5 37. Rb3 c5 38. cxb5 axb5 39. Ra3 Ra8 40. a6 Ra7 41. Ra5 b4 42. Kd3 Kd7 43. Kc4 Kc6 44. Ra1 Kb6 45. Rd1 1/2-1/2

[Event "Bratislava-ch Centenary"]
[Site "Bratislava"]
[Date "2019.05.11"]
[Round "2"]
[White "Privara, Igor"]
[Black "Kralovic, Andrej"]
[Result "0-1"]
[WhiteElo "2177"]
[BlackElo "2253"]
[PlyCount "60"]
[EventDate "2019.05.10"]
[EventType "tourn"]
[EventRounds "9"]
[EventCountry "SVK"]
[SourceTitle "CBM 190 Extra"]
[Source "ChessBase"]
[SourceDate "2019.07.15"]
[SourceVersion "1"]
[SourceVersionDate "2019.07.15"]
[SourceQuality "1"]

1. e4 e5 2. Nc3 Nc6 3. g3 Bc5 4. Bg2 Nf6 5. Nge2 0-0 6. 0-0 a6 7. Nd5 Nxd5 8. exd5 Nd4 9. c3 Nxe2+ 10. Qxe2 d6 11. b4 Ba7 12. Bb2 Bd7 13. Rad1 Qg5 14. c4 Rae8 15. d4 exd4 16. Qd2 Qxd2 17. Rxd2 d3 18. Rc1 f5 19. Bf3 f4 20. g4 Be3 21. fxe3 fxe3 22. Rxd3 Rxf3 23. Re1 Bxg4 24. Bd4 e2 25. Rxf3 Bxf3 26. Kf2 Bg4 27. Rg1 Re4 28. Ba1 g6 29. Rc1 Rf4+ 30. Kg2 Rf1 0-1

[Event "SVK-chT2C 1819"]
[Site "Slovakia"]
[Date "2019.04.07"]
[Round "11.1"]
[White "Kralovic, Andrej"]
[Black "Plachetka, Jan"]
[Result "1/2-1/2"]
[WhiteElo "2253"]
[BlackElo "2291"]
[PlyCount "44"]
[EventDate "2018.10.13"]
[EventType "team-tourn"]
[EventRounds "11"]
[EventCountry "SVK"]
[SourceTitle "EXT 2020"]
[Source "ChessBase"]
[SourceDate "2019.10.17"]
[SourceVersion "1"]
[SourceVersionDate "2019.10.17"]
[SourceQuality "1"]
[WhiteTeam "Zvolen Slavia"]
[BlackTeam "Liptov Chess School III"]
[WhiteTeamCountry "SVK"]
[BlackTeamCountry "SVK"]

1. e4 c5 2. Nf3 e6 3. b3 d6 4. Bb2 Nf6 5. e5 dxe5 6. Nxe5 Be7 7. Bd3 Bd7 8. Na3 Nc6 9. Nac4 0-0 10. 0-0 b5 11. Nxc6 Bxc6 12. Ne5 Be8 13. Qe2 Rb8 14. c4 bxc4 15. Bxc4 Nd5 16. Rfd1 Qc7 17. d4 cxd4 18. Bxd4 f6 19. Rac1 Qb7 20. Nd3 Bf7 21. Bxd5 exd5 22. Nc5 Bxc5 1/2-1/2

[Event "SVK-chT2C 1819"]
[Site "Slovakia"]
[Date "2019.03.02"]
[Round "8.1"]
[White "Pniaczek, Marek"]
[Black "Kralovic, Andrej"]
[Result "0-1"]
[WhiteElo "2168"]
[BlackElo "2257"]
[PlyCount "132"]
[EventDate "2018.10.13"]
[EventType "team-tourn"]
[EventRounds "11"]
[EventCountry "SVK"]
[SourceTitle "CBM 189 Extra"]
[Source "ChessBase"]
[SourceDate "2019.06.03"]
[SourceVersion "1"]
[SourceVersionDate "2019.06.03"]
[SourceQuality "1"]
[WhiteTeam "Bziny"]
[BlackTeam "Zvolen Slavia"]
[WhiteTeamCountry "SVK"]
[BlackTeamCountry "SVK"]

1. e4 e5 2. Nf3 Nc6 3. Bc4 Bc5 4. b4 Bb6 5. a4 a6 6. c3 Nf6 7. Qb3 0-0 8. d3 d6 9. 0-0 Ne7 10. Be3 Ba7 11. Nbd2 Ng6 12. Rfe1 h6 13. h3 Nh5 14. d4 Qf6 15. Kh2 Nhf4 16. Bf1 Ne6 17. d5 Ng5 18. c4 Nxf3+ 19. Nxf3 Bxe3 20. Qxe3 a5 21. bxa5 Rxa5 22. Reb1 b6 23. Rb5 Ra8 24. Nd2 Bd7 25. Rb4 Ra7 26. Nb1 Ra5 27. Nc3 Qd8 28. Bd3 Ne7 29. g4 Ng6 30. Ne2 Qh4 31. Qg3 Qg5 32. Qe3 Qh4 33. Qg3 Qf6 34. Ra3 Nf4 35. Nxf4 exf4 36. Qf3 Rfa8 37. Bc2 g5 38. Qd3 Qe5 39. f3 Kg7 40. Kg2 h5 41. Ra2 Rh8 42. Rb1 Rh6 43. Rd1 Kf6 44. Rh1 Ke7 45. Bd1 Ra8 46. Qd2 hxg4 47. fxg4 Ra5 48. Qd3 Rh8 49. Bb3 Rha8 50. Rha1 f6 51. Kf3 Rh8 52. Rh1 Rh4 53. Kg2 Ra8 54. Bd1 Rhh8 55. Bb3 Ra5 56. Kf3 Kf7 57. Kg2 Kg7 58. Kf3 Be8 59. Bc2 Bg6 60. Bb1 Re8 61. Bc2 Bxe4+ 62. Qxe4 Qc3+ 63. Qd3 Re3+ 64. Qxe3 Qxe3+ 65. Kg2 Qe2+ 66. Kg1 f3 0-1

[Event "SVK-chT2C 1819"]
[Site "Slovakia"]
[Date "2018.12.15"]
[Round "5.1"]
[White "Kralovic, Andrej"]
[Black "Galyas, Miklos"]
[Result "1/2-1/2"]
[WhiteElo "2243"]
[BlackElo "2497"]
[PlyCount "98"]
[EventDate "2018.10.13"]
[EventType "team-tourn"]
[EventRounds "11"]
[EventCountry "SVK"]
[SourceTitle "CBM 189 Extra"]
[Source "ChessBase"]
[SourceDate "2019.06.03"]
[SourceVersion "1"]
[SourceVersionDate "2019.06.03"]
[SourceQuality "1"]
[WhiteTeam "Zvolen Slavia"]
[BlackTeam "Vinica"]
[WhiteTeamCountry "SVK"]
[BlackTeamCountry "SVK"]

1. e4 d6 2. d4 Nf6 3. Nc3 g6 4. Be3 c6 5. Qd2 Nbd7 6. 0-0-0 b5 7. f3 b4 8. Nce2 a5 9. Kb1 Nb6 10. Nc1 d5 11. e5 Nfd7 12. Bh6 e6 13. Bxf8 Rxf8 14. b3 Qc7 15. Nh3 c5 16. Ng5 c4 17. Nxh7 Rg8 18. h4 Ba6 19. h5 gxh5 20. Rxh5 0-0-0 21. Ng5 Rg7 22. Rh7 Rxh7 23. Nxh7 Nb8 24. f4 Nc6 25. f5 Na7 26. a4 Qc6 27. c3 Nxa4 28. bxa4 Qxa4 29. Qc2 Qc6 30. Ka1 Bb5 31. Qa2 Ba4 32. Re1 Rd7 33. Be2 Rb7 34. Bd1 Bxd1 35. Rxd1 b3 36. Qb2 a4 37. fxe6 fxe6 38. Ng5 Nb5 39. Na2 bxa2 40. Rf1 Kb8 41. Rf8+ Ka7 42. Qb4 Nc7 43. Qa5+ Qa6 44. Qxa6+ Kxa6 45. Rf6 Rb1+ 46. Kxa2 Rg1 47. Nxe6 Rxg2+ 48. Kb1 Rg1+ 49. Ka2 Rg2+ 1/2-1/2